ESSENTIALS OF MEDICAL PHYSIOLOGY (Record no. 7854)

MARC details
000 -LEADER
fixed length control field 00472nam a22001697a 4500
005 - DATE AND TIME OF LATEST TRANSACTION
control field 20230119101943.0
008 - FIXED-LENGTH DATA ELEMENTS--GENERAL INFORMATION
fixed length control field 220120b ||||| |||| 00| 0 eng d
020 ## - INTERNATIONAL STANDARD BOOK NUMBER
ISBN 978-93-5270-692-1
041 ## - LANGUAGE CODE
Language code of text/sound track or separate title eng
082 ## - DEWEY DECIMAL CLASSIFICATION NUMBER
Classification number 612
Item number SEM-E
100 ## - MAIN ENTRY--AUTHOR NAME
Personal name SEMBULINGAM, K AND SEMBULINGAM, PREMA
245 ## - TITLE STATEMENT
Title ESSENTIALS OF MEDICAL PHYSIOLOGY
260 ## - PUBLICATION, DISTRIBUTION, ETC. (IMPRINT)
Place of publication NEW DELHI
Name of publisher JAYPEE BROTHERS
Year of publication 2019
300 ## - PHYSICAL DESCRIPTION
Number of Pages 1162;p
650 ## - SUBJECT ADDED ENTRY--TOPICAL TERM
Topical Term BPT PHARMACY
General subdivision B.PHARMA & D.PHARMA
942 ## - ADDED ENTRY ELEMENTS (KOHA)
Koha item type Books
Holdings
Lost status Damaged status Collection code Home library Current library Shelving location Date acquired Source of acquisition Cost, normal purchase price Full call number Accession Number Koha item type
    Reference JRU Library JRU Library SHELF-8-A 20/01/2022 PURCHASE 1950.00 612 25931 Books
    PHYSIOTHERAPY JRU Library JRU Library SHELF-28-C 20/01/2022 PURCHASE 1950.00 612 25932 Books
    PHYSIOTHERAPY JRU Library JRU Library SHELF-28-C 20/01/2022 PURCHASE 1950.00 612 25933 Books
    PHYSIOTHERAPY JRU Library JRU Library Shelf - 25- C 20/01/2022 PURCHASE 1950.00 612 25934 Books
    PHYSIOTHERAPY JRU Library JRU Library SHELF-28-C 20/01/2022 PURCHASE 1950.00 612 25935 Books
    PHARMACY JRU Library JRU Library SHELF-28-C 21/02/2022 PURCHASE 1950.00 612 26578 Books
    PHARMACY JRU Library JRU Library Shelf - 24- H 21/02/2022 PURCHASE 1950.00 612 26580 Books